banner-ar

الشعراء الصعاليك فى العصر الاموى / (Record no. 47529)

MARC details
000 -الفاتح
حقل البيانات ثابتة الطول 00403nam a2200133Ia 4500
008 - عناصر البيانات ثابتة الطول - معلومات عامة
حقل البيانات ثابتة الطول 140319s9999 xx 000 0 ara d
040 ## - مصدر الفهرسة
وكالة الفهرسة الأصلية GCL /
وكالة النسخ GCL
082 04 - رقم تصنيف ديوى العشرى
رقم التصنيف 811.3
رقم المادة ح ش
100 1# - المدخل الرئيسى - إسم شخصى
الإسم الشخصى حسين عطوان
245 10 - بيان العنوان
العنوان الشعراء الصعاليك فى العصر الاموى /
بيان المسئوليه,etc حسين عطوان
300 ## - الوصف المادى
التعداد 207 ص
490 ## - بيان السلسلة
عنوان السلسلة مكتبة الدراسات الادبية
رقم المجلد/ التعيين التسلسلي 0
Holdings
حالة التراجع حالة الفقد حالة تلف ليس للاعارة المكان المؤقت الموقع الحالى تاريخ الاكتساب اجمالي اﻻعارات رقم الطلب الباركود تاريخ اخر مشاهدة تاريخ تفعيل السعر نوع وعاء كوها
        مكتبة القاهرة الكبرى مكتبة القاهرة الكبرى 03/26/2014   811.3\ح ش 114771 03/26/2014 03/26/2014 كتاب

Powered By

EGPV